Oracle applications performance tuning handbook / (Record no. 133106)

MARC details
000 -LEADER
fixed length control field 00816nam a22002537a 4500
003 - CONTROL NUMBER IDENTIFIER
control field dpl
005 - DATE AND TIME OF LATEST TRANSACTION
control field 20180824124535.0
008 - FIXED-LENGTH DATA ELEMENTS--GENERAL INFORMATION
fixed length control field 180824b xxu||||| |||| 00| 0 eng d
010 ## - LIBRARY OF CONGRESS CONTROL NUMBER
LC control number B-061648
020 ## - INTERNATIONAL STANDARD BOOK NUMBER
Terms of availability 00.00
International Standard Book Number 0070435766
035 ## - SYSTEM CONTROL NUMBER
System control number B-061648, B-061652
037 ## - SOURCE OF ACQUISITION
Source of stock number/acquisition Cen Lib/Ret
040 ## - CATALOGING SOURCE
Original cataloging agency DPL
Language of cataloging EN
Transcribing agency 0
082 ## - DEWEY DECIMAL CLASSIFICATION NUMBER
Classification number 005.7565
Item number TRE
100 ## - MAIN ENTRY--PERSONAL NAME
Personal name Tremayne, Andy
9 (RLIN) 36831
245 ## - TITLE STATEMENT
Title Oracle applications performance tuning handbook /
Statement of responsibility, etc by Andy Tremayne
260 ## - PUBLICATION, DISTRIBUTION, ETC. (IMPRINT)
Place of publication, distribution, etc New Delhi
Name of publisher, distributor, etc Tata McGraw hill publishing company
Date of publication, distribution, etc 2000
270 ## - ADDRESS
City New Delhi
Address 7 West patel nagar
Postal code 110008
300 ## - PHYSICAL DESCRIPTION
Extent xxix,908p.
Dimensions 22cm(Hb)
500 ## - GENERAL NOTE
General note Includes appendix and index
650 ## - SUBJECT ADDED ENTRY--TOPICAL TERM
Topical term or geographic name as entry element Computer science
9 (RLIN) 36832
650 ## - SUBJECT ADDED ENTRY--TOPICAL TERM
Topical term or geographic name as entry element Database management system
9 (RLIN) 36833
942 ## - ADDED ENTRY ELEMENTS (KOHA)
Source of classification or shelving scheme Dewey Decimal Classification
Koha item type English Books
Classification part 005.7565
Call number suffix TRE
Holdings
Withdrawn status Lost status Damaged status Not for loan Home library Current library Date acquired Source of acquisition Cost, normal purchase price Total Checkouts Full call number Barcode Date last seen Date checked out Copy number Cost, replacement price Price effective from Koha item type Source of classification or shelving scheme Collection code
        Central Library Central Library 24/07/2015 Cen Lib/Ret 0.00 1 005.7565 TRE B-061648 24/08/2017 12/08/2017 1 0.00 24/07/2015 English Books    
        Shahdara Branch Shahdara Branch 24/08/2018 BPPD/PUB 0.00   005.7565 TRE B-061652 24/08/2018     0.00 24/08/2018 English Books Dewey Decimal Classification Non-fiction

© Delhi Public Library
Hit Counter
free hit counter